[Event "Sharjah Ramadan op rapid"]
[White "Hilwani, Talal"]
[Black "Abou Ghazi, Aiman"]
[Site "Sharjah"]
[Round "2"]
[Result "1-0"]
[Date "2019.05.13"]
[WhiteElo "2274"]
[BlackElo "1592"]
[PlyCount "45"]
[EventDate "2019.05.13"]
[EventType "swiss (rapid)"]
[EventRounds "9"]
[EventCountry "UAE"]
[SourceTitle "CBM 190 Extra"]
[Source "ChessBase"]
[SourceDate "2019.07.15"]
[SourceVersion "1"]
[SourceVersionDate "2019.07.15"]
[SourceQuality "1"]

1. d4 Nf6 2. Nf3 g6 3. c4 Bg7 4. Nc3 d5 5. Bg5 Ne4 6. Bh4 Nxc3 7. bxc3 dxc4 8. e3 0-0 9. Bxc4 c5 10. 0-0 Qc7 11. Bg3 Qa5 12. Qb3 cxd4 13. cxd4 e6 14. Rac1 Nc6 15. d5 exd5 16. Bxd5 Nb4 17. Bc4 Nc6 18. Bd6 Qd8 19. Rfd1 Qe8 20. Ng5 Na5 21. Bxf7+ Rxf7 22. Qxf7+ Qxf7 23. Nxf7 1-0